Household agroforestry practice in srey santhor district kampong cham province, ការអនុវត្តន៍កសិរុក្ខកម្មជាលក្ខណៈគ្រួសារនៅស្រុកស្រីសន្ធរ ខេត្តកំពង់ចាម (Record no. 3171)

000 -LEADER
fixed length control field 00649nam a22001577a 4500
003 - CONTROL NUMBER IDENTIFIER
control field OSt
005 - DATE AND TIME OF LATEST TRANSACTION
control field 20151105144338.0
008 - FIXED-LENGTH DATA ELEMENTS--GENERAL INFORMATION
fixed length control field 151105b xxu||||| |||| 00| 0 eng d
040 ## - CATALOGING SOURCE
Transcribing agency RUA
082 ## - DEWEY DECIMAL CLASSIFICATION NUMBER
Classification number FOR TON 1999 B126 Or.1
100 ## - MAIN ENTRY--PERSONAL NAME
9 (RLIN) 3399
Personal name TONG, CHANTHEANG.
245 ## - TITLE STATEMENT
Title Household agroforestry practice in srey santhor district kampong cham province, ការអនុវត្តន៍កសិរុក្ខកម្មជាលក្ខណៈគ្រួសារនៅស្រុកស្រីសន្ធរ ខេត្តកំពង់ចាម
260 ## - PUBLICATION, DISTRIBUTION, ETC. (IMPRINT)
Place of publication, distribution, etc. Phnom Penh
Name of publisher, distributor, etc. RUA
Date of publication, distribution, etc. 1999
300 ## - PHYSICAL DESCRIPTION
Extent 50p.
Other physical details ill.
Dimensions 29cm.
942 ## - ADDED ENTRY ELEMENTS (KOHA)
Source of classification or shelving scheme
Koha item type FOR
Holdings
Price effective from Date last seen Permanent Location Not for loan Date acquired Source of classification or shelving scheme Koha item type Lost status Withdrawn status Date last checked out Total Checkouts Shelving location Damaged status Barcode Current Location Full call number
2015-11-052019-04-02Library Block B 2015-11-05 FOR  2019-03-182B126 RUA032437Library Block BFOR TON 1999 B126 Or.1
2015-11-052015-11-05Library Block B 2015-11-05 FOR    B126 RUA010982Library Block BFOR TON 1999 B126 Or.2
2015-11-052015-11-05Library Block B 2015-11-05 FOR    B126 RUA026171Library Block BFOR TON 1999 B126 Or.3
2015-11-052015-11-05Library Block B 2015-11-05 FOR    B126 RUA026099Library Block BFOR TON 1999 B126 Or.4
2015-11-052015-11-05Library Block B 2015-11-05 FOR    B126 RUA010986Library Block BFOR TON 1999 B126 Or.5
មជ្ឈមណ្ឌលឯការនៃសាកលវិទ្យាល័យភូមិន្ទកសិកម្មចំការដូង

Powered by Koha